Quizzes
Events
Quiz Creation
Community
Videos
Private Events
Remove Ads
Sign In
Join for FREE
Feedback
Dark Mode
Quiz Categories
Sports
Geography
Music
Movies
Television
Just For Fun
Miscellaneous
History
Literature
Language
Science
Gaming
Entertainment
Religion
Holiday
For Kids
Quiz Lab
Recent
Popular Today
Quiz Kudos Today
Editor Picks
Curator Picks
Quizzes by...
Day
Popularity
Type
Ratings
Length
Year
Community
Subscriptions
Recent Discussions
Orange Saloon
Badges
Playlists
Quests
Create
Leaderboards
Showdown
Live 5
Trivia Bingo
Activity
Puzzle Library
Sporcle Events
Private Events
Virtual Trivia
Globe League
Become a Host
Pub Owners
SporcleCon
Opinionation
Our Games
Videos
Blog
Mobile Apps
Partnerships
Remove Ads and Go Orange
Feedback
History
US Presidents
World Leaders
Politics
Nation
Discovery
War
Decade
Year
Century
Biography
Art
History
US Presidents
World Leaders
Politics
Nation
Discovery
War
Decade
Year
Century
Biography
Art
Random Quiz
Search Sporcle
×
Quiz Lab
Quiz Lab
History
Decade
Type in answers that appear in a list
Type in answers that appear in a list
Classic
Best Score? Go Orange.
The Times 50 People Of The Decade Stats
Can you name the The Times 50 People Of The Decade?
By
brapbrap
13m
50 Questions
1,075 Plays
1,075 Plays
1,075 Plays
Comments
Comments
Give Quiz Kudos
Give Quiz Kudos
-
- Ratings
hide this ad
More Info
Replay
Link that replays current quiz
Next Quiz
Link to next quiz in quiz playlist
You Got
0%
They Got
Avg Score
18%
Avg Friend Score
Upgrade to see
Score Distribution
Jump to the score distribution portion of the page
Score
0/50
Timer
13:00
0
Plays Today
Position
Person
% Correct
1
Barack Obama
95.7%
11
George W Bush
88.4%
7
Osama Bin Laden
67.6%
16
Tiger Woods
47.3%
6
JK Rowling
46.5%
3
Tony Blair
45.1%
39
Oprah Winfrey
41.5%
41
Dan Brown
39.4%
2
Simon Cowell
38.5%
25
Queen Elizabeth II
34.8%
15
Steve Jobs
31.3%
10
David Beckham
30.8%
26
Al Gore
23.7%
33
Bernard Madoff
22.2%
40
Katie Price
20.7%
27
Steve Chen, Chad Hurley and Jawed Karim
19%
37
Alex Ferguson
16.9%
12
Vladimir Putin
15.8%
13
Jamie Oliver
14.9%
35
Warren Buffett
14.7%
42
Jack Dorsey, Biz Stone and Evan Williams
11.6%
49
Roman Abramovich
10.7%
43
Kate Moss
10.4%
48
Sebastian Coe
10.1%
20
Angela Merkel
9.8%
Position
Person
% Correct
24
Jade Goody
9.5%
8
Larry Page and Sergey Brin
9.4%
29
Ricky Gervais
9.4%
9
Mark Zuckerberg
8.3%
30
Usain Bolt
6.9%
28
Philip Green
6.5%
18
David Simon
6.4%
5
Richard Dawkins
5.9%
47
Ellen MacArthur
5.8%
34
Aung San Suu Kyi
5%
14
Banksy
4.8%
19
Damien Hirst
4.7%
45
Alan Greenspan
4.7%
46
Andrew Flintoff
2.9%
44
Helen Mirren
2.6%
17
Jeff Bezos
2.5%
38
Malcolm Gladwell
2.5%
22
Sacha Baron Cohen
2.2%
21
David Chase
2.1%
23
Amy Winehouse
1.5%
4
Francis Collins and J. Craig Venter
1.1%
50
Nicholas Hytner
0.7%
31
Zaha Hadid
0.7%
32
Antony Gormley
0.6%
36
Michael O'Leary
0.5%
Quiz Playlist
Details
Report
Send in Message
Add To Playlist
More Info:
Please note this is a British newspaper so expect a more British perspective on the past decade.
Classic:
Type in answers that appear in a list
Quiz Source
Last Updated: Nov 22, 2018
Quiz Scoreboard
CHALLENGE
Sign Up to Join the Scoreboard
Show All
Scores
Hide
Comments
May contain spoilers
Recently Published
Presidents Visiting Landmarks
by Hejman
History
7m
An Introduction to Baseball
by treessimontrees
Sports
5m
Movies - When Are They Set?
by FPL_Elf
Movies
5m
More to Explore
Quiz From the Vault
Featured Blog Post
Where Did the Easter Bunny Come From?
hide this ad
You Might Also Like...
Tags
Decade Quiz
Football Quiz
Person
Today's Top Quizzes in History
Browse History
hide this ad
Today's Top Quizzes in Decade
Browse Decade
Top Contributed Quizzes in History
1
Popular People in 1991
2
Popular People in 1981
3
Popular People in 1951
4
Popular People in 1941
5
Popular People in 1986
6
Popular People in 1976
7
Popular People in 1921
8
I Am Born On March 28th
9
Popular People in 1946
10
Popular People in 1936
Explore More
Trending Topics
Anime
Crossword
Disney
NBA
Harry Potter
Kpop
Marvel
Puzzle
Song
Country
WWE
The Office
Pokémon
Soccer
NFL
hide this ad
More By:
brapbrap
Quiz
Plays
Rating
Category
Featured
Created
The Source's 100 Best Rap Albums
1,128
4.80
Music
Feb 20, 2010
The Times 50 People Of The Decade
1,075
2.69
History
Feb 21, 2010
90s Rap Lyrics II
954
5.00
Music
Nov 17, 2009
00s Rap Lyrics
654
3.00
Music
Nov 1, 2009
Huddersfield Town Managers
416
5.00
Sports
Oct 1, 2009
Go to Creator's Profile
Score Distribution
Quiz Creator Spotlight
brapbrap
Follow
Send a Message
Quizzes Created
-
Created Quiz Play Count
-
More By This Creator
Popular Quizzes Today
1
Find the US States - No Outlines Minefield
2
Find the Countries of Europe - No Outlines Minefield
3
The Countries of the World
4
Find the US States
5
Popular People in 1961
6
US States
7
Risky Map Clicking: Biggest States A-Z
8
1-10 Letter E Words III
More History Quizzes
Queen Elizabeth II Prime Ministers
Published
Trending Quizzes
Risky Map Clicking: Least Populous States A-Z
1-10 Letter G Words
1-10 Letter F Words
One Thing in Common: United Kingdom
Risky Map Clicking: Next State Alphabetically
Recently Updated
Leaping Animals
pecheneg
Reality TV Shows (A-Z)
bhenderson79
Rickey Henderson's Hall of Fame Teammates
pecheneg
Champions League XIs: Arsenal
pecheneg
Quick Pick: Celebrities in WWE's Hall of Fame
aduchscher
A-Z Keypad Blitz II
pecheneg
Multiple Oscar Actors
pecheneg
Mystery Phrase Blitz: Oscar 'Best Actors'
pecheneg
F. Scott Fitzgerald Novels
LTH
Pick 3 Villains
ddd62291
Trending Topics
Kpop
Disney
NBA
Marvel
Crossword
Harry Potter
Anime
Puzzle
The Office
Soccer
WWE
NFL
Pokémon
Song
Country
Your Account Isn't Verified!
In order to create a playlist on Sporcle, you need to verify the email address you used during registration. Go to your
Sporcle Settings
to finish the process.
Report this User
Report this user for behavior that violates our
Community Guidelines
.
Details:
Send Report
Go to the Sporcle.com Mobile Site →
Comments